Central Library OPAC University of Rajshahi

كتاب الخطط المقريزية : المسماة بالمواعظ والإعتبار بذكر الخطط والٱثار، يختص ذلك بأخبار إقليم مصر والنيل وذكر القاهرة وما يتعلق بها وباقليمها ;; Kitāb al-khiṭaṭ al-Maqrīzīyah : al-musammāh; bi-al-Mawāʻiẓ wa-al-iʻtibār bi dhikr al-khiṭaṭ wa-al-Āthār, yakhtaṣṣu dhālika bi-akhbār iqlīm Miṣr wa-al-Nīl wa-dhikr al-Qāhirah wa-mā yataʻallaqu bi-hā wa-bi-iqlīmihā / (Record no. 79590)

MARC details
000 -LEADER
fixed length control field 01593nam a2200241 a 4500
001 - CONTROL NUMBER
control field 79590
003 - CONTROL NUMBER IDENTIFIER
rucl marc code BD-RjUL
005 - DATE AND TIME OF LATEST TRANSACTION
control field 20220322101947.0
008 - FIXED-LENGTH DATA ELEMENTS--GENERAL INFORMATION
fixed length control field 220322s1959 le 000 0 ara d
035 ## - SYSTEM CONTROL NUMBER
System control number (BD-RjUL)79590
040 ## - CATALOGING SOURCE
Original cataloging agency HAI
Language of cataloging eng
Transcribing agency BD-RjUL
041 0# - LANGUAGE CODE
Language code of text/sound track or separate title ara
082 ## - DEWEY DECIMAL CLASSIFICATION NUMBER
Edition number 23
Classification number 962
Author mark and year MAK 1959
100 1# - MAIN ENTRY--PERSONAL NAME
Personal name المقريزي، احمد بن علي، ʻMaqrīzī, Aḥmad ibn
Dates associated with a name 1364-1442
9 (RLIN) 1953
245 10 - TITLE STATEMENT
Title كتاب الخطط المقريزية : المسماة بالمواعظ والإعتبار بذكر الخطط والٱثار، يختص ذلك بأخبار إقليم مصر والنيل وذكر القاهرة وما يتعلق بها وباقليمها ;; Kitāb al-khiṭaṭ al-Maqrīzīyah : al-musammāh; bi-al-Mawāʻiẓ wa-al-iʻtibār bi dhikr al-khiṭaṭ wa-al-Āthār, yakhtaṣṣu dhālika bi-akhbār iqlīm Miṣr wa-al-Nīl wa-dhikr al-Qāhirah wa-mā yataʻallaqu bi-hā wa-bi-iqlīmihā /
Statement of responsibility, etc. talif taqi aldiyn ahmad bin ali bin abd alqadir bin muhamad almaeruf bialmiqrizii ;; تاليف تقي الدين احمد بن علي بن عبد القادر بن محمد المعروف بالمقريزي
246 33 - VARYING FORM OF TITLE
Title proper/short title الخطط المقريزية المسماة بالمواعظ والاعتبار بذكر الخطط والاثار
Title proper/short title المواعظ والاعتبار بذكر الخطط والآثار
260 ## - PUBLICATION, DISTRIBUTION, ETC. (IMPRINT)
Place of publication, distribution, etc. Al-Shiyyāḥ :
Name of publisher, distributor, etc. مكتبة إحياء العلوم ;; Maktabat Iḥyāʼ ʻUlūm al-Dīn
Date of publication, distribution, etc. 1959]
300 ## - PHYSICAL DESCRIPTION
Pagination ٤ م في ٢ ؛
Size ٢٤ س.
651 #4 - SUBJECT ADDED ENTRY--GEOGRAPHIC NAME
Geographic name Egypt
General subdivision History
9 (RLIN) 1891
Geographic name Egypt.
942 ## - ADDED ENTRY ELEMENTS (KOHA)
Source of classification or shelving scheme Dewey Decimal Classification
Koha item type Books
Holdings
Lost status Source of classification or shelving scheme Damaged status Not for loan Collection code Permanent Location Current Location Shelving location Date acquired Source of acquisition Total Checkouts Full call number Date last seen Copy number Koha item type
  Dewey Decimal Classification   Not For Loan Non-fiction Central Library, University of Rajshahi Central Library, University of Rajshahi Reading Room 03/02/1968 Zeitlinger   A 962 MAK V-1 pt.1-3 1959 22/03/2022 C-1 Books